Psicomotricidad y vida cotidiana: 0-3 años
Guardado en:
| Autores principales: | , |
|---|---|
| Formato: | Libro |
| Lenguaje: | español |
| Publicado: |
Barcelona
Graó
2007
|
| Edición: | 1a. ed |
| Colección: | Colección Biblioteca Infantil, 20
Didáctica, Diseño y Desarrollo Curricular Didáctica de la Expresión Corporal |
| Materias: | |
| Etiquetas: |
Agregar Etiqueta
Sin Etiquetas, Sea el primero en etiquetar este registro!
|
MARC
| LEADER | 00000cam a2200000 a 4500 | ||
|---|---|---|---|
| 001 | UCG3552 | ||
| 003 | CL-VaPUC | ||
| 008 | 100902e20071000SP |||||||||||||||||spa|d | ||
| 020 | |a 9788478274901 | ||
| 082 | 0 | 4 | |a 152.334 |b FUS |2 21 |
| 100 | 0 | |a Fusté Aquilué, Susanna |e author |9 552771 | |
| 700 | 0 | |a Bonastre Gellida, Mercè |e author |9 552772 | |
| 245 | 1 | 0 | |a Psicomotricidad y vida cotidiana: 0-3 años |
| 250 | |a 1a. ed | ||
| 300 | |a 127 p | ||
| 942 | |c BK | ||
| 945 | |d 20100902 00:00:00 |a mfarfan | ||
| 260 | |a Barcelona |b Graó |c 2007 | ||
| 650 | 7 | |a PSICOMOTRICIDAD |2 CL-VaPUC |9 241072 | |
| 650 | 7 | |a MOTRICIDAD |2 CL-VaPUC |9 307419 | |
| 650 | 0 | |a Niños |9 255605 | |
| 650 | 7 | |a LACTANTES |2 CL-VaPUC |9 309581 | |
| 650 | 7 | |a JARDIN INFANTIL |2 CL-VaPUC |9 308724 | |
| 583 | |a last modification |c 20130910 05:13:42 |k Rodrigo Vera | ||
| 490 | 0 | |a Colección Biblioteca Infantil, 20 | |
| 490 | 0 | |a Didáctica, Diseño y Desarrollo Curricular | |
| 490 | 0 | |a Didáctica de la Expresión Corporal | |
| 999 | |c 342606 |d 342604 | ||
| 952 | |0 0 |1 0 |2 ddc |4 0 |6 152_334000000000000_FUS_2007 |7 0 |8 A |9 438916 |a BIBCUR |b BIBCUR |c GEN |d 2019-11-22 |i 4705475 |o 152.334 FUS 2007 |p 4705475 |r 2025-04-22 |w 2019-11-22 |y BK |k KIN | ||
| 952 | |0 0 |1 0 |4 0 |6 152_334000000000000_FUS_2007 |7 0 |8 A |9 438917 |a BIBEDU |b BIBEDU |d 2019-11-22 |i 4716493 |o 152.334 FUS 2007 |p 4716493 |r 2019-11-22 |w 2019-11-22 |y BK |k PAR | ||
| 952 | |0 0 |1 0 |4 0 |6 152_334000000000000_FUS_2007 |7 0 |8 A |9 438918 |a BIBEDU |b BIBEDU |d 2019-11-22 |i 4716507 |o 152.334 FUS 2007 |p 4716507 |r 2019-11-22 |w 2019-11-22 |y BK |k PAR | ||
| 952 | |0 0 |1 0 |4 0 |6 152_334000000000000_FUS_2007 |7 0 |8 A |9 438919 |a BIBEDU |b BIBEDU |d 2019-11-22 |i 4951182 |o 152.334 FUS 2007 |p 4951182 |r 2019-11-22 |w 2019-11-22 |y BK |k PAR | ||
| 952 | |0 0 |1 0 |4 0 |6 152_334000000000000_FUS_2007 |7 0 |8 A |9 438920 |a BIBEDU |b BIBEDU |d 2019-11-22 |i 4951190 |o 152.334 FUS 2007 |p 4951190 |r 2019-11-22 |w 2019-11-22 |y BK |k PAR | ||
| 952 | |0 0 |1 0 |3 erb |4 0 |6 152_334000000000000_FUS_2007 |7 0 |8 A |9 438921 |a BIBCUR |b BIBCUR |d 2019-11-22 |i 5005264 |o 152.334 FUS 2007 |p 5005264 |r 2025-04-22 |w 2019-11-22 |y BK |z Catalogado en:20130906 |k KIN | ||
| 952 | |0 0 |1 0 |3 erb |4 0 |6 152_334000000000000_FUS_2007 |7 0 |8 A |9 438922 |a BIBCUR |b BIBCUR |d 2019-11-22 |i 5005272 |l 1 |o 152.334 FUS 2007 |p 5005272 |r 2025-04-22 |s 2021-08-24 |w 2019-11-22 |y BK |z Catalogado en:20130906 |k KIN | ||
| 952 | |0 0 |1 0 |3 erb |4 0 |6 152_334000000000000_FUS_2007 |7 0 |8 A |9 438923 |a BIBCUR |b BIBCUR |d 2019-11-22 |i 5005280 |o 152.334 FUS 2007 |p 5005280 |r 2025-04-22 |w 2019-11-22 |y BK |z Catalogado en:20130906 |k KIN | ||
| 952 | |0 0 |1 0 |2 ddc |3 erb |4 0 |6 152_334000000000000_FUS_2007 |7 0 |8 A |9 438924 |a BIBCUR |b BIBCUR |c GEN |d 2019-11-22 |i 5005299 |o 152.334 FUS 2007 |p 5005299 |r 2025-04-22 |w 2019-11-22 |y BK |z Catalogado en:20130906 |k KIN | ||